Welcome to CU Library Online Public Access Catalogue (OPAC)

The psalms and the life of faith / (Record no. 6756)

MARC details
000 -LEADER
fixed length control field 00556cam a2200181 a 4500
001 - CONTROL NUMBER
control field 671449
005 - DATE AND TIME OF LATEST TRANSACTION
control field 20250628105652.0
008 - FIXED-LENGTH DATA ELEMENTS--GENERAL INFORMATION
fixed length control field 950614s1995 mnu b 001 0 eng
020 ## - INTERNATIONAL STANDARD BOOK NUMBER
International Standard Book Number 0800627334 (alk. paper)
050 00 - LIBRARY OF CONGRESS CALL NUMBER
Classification number BS1430.2
Item number .B783 1995
082 00 - DEWEY DECIMAL CLASSIFICATION NUMBER
Classification number 223/.206
Edition information 20
100 1# - MAIN ENTRY--PERSONAL NAME
Personal name Brueggemann, Walter.
245 14 - TITLE STATEMENT
Title The psalms and the life of faith /
Statement of responsibility, etc. Walter Brueggemann ; edited by Patrick D. Miller.
260 ## - PUBLICATION, DISTRIBUTION, ETC.
Place of publication, distribution, etc. Minneapolis :
Name of publisher, distributor, etc. Fortress Press,
Date of publication, distribution, etc. c1995.
300 ## - PHYSICAL DESCRIPTION
Extent xviii, 292 p. ;
Dimensions 22 cm.
700 1# - ADDED ENTRY--PERSONAL NAME
Personal name Miller, Patrick D.
942 ## - ADDED ENTRY ELEMENTS (KOHA)
Source of classification or shelving scheme Library of Congress Classification
Koha item type Books
Suppress in OPAC No
999 ## -
-- 6756
-- 6756
Holdings
Withdrawn status Lost status Source of classification or shelving scheme Damaged status Not for loan Collection Home library Current library Shelving location Date acquired Total checkouts Full call number Barcode Date last seen Copy number Price effective from Koha item type
    Library of Congress Classification     Non-fiction Undergraduate Library (Christ Temple) Undergraduate Library (Christ Temple) General stacks 06/28/2025   BS1430.2.B783 BRU ulct00003609 06/28/2025 1 06/28/2025 Books
© 2023-2024 Copyright: Central University Libraries. All Rights Reserved | Created by: Mahone Tech Office